00745nam a2200217Ia 450000100060000000300040000600500170001000800410002702000150006804000310008304100080011408400130012210000280013524500390016326400340020230000090023633600290024533700480027433800160032250501890033819285OSt20250611082541.0241202s9999 xx 000 0 und d a845990279X aCO-BoPIbspaerdacCO-BoPI aspa aA-N SWIV aSwift, Jonathaneautor. 0aViajes de GullivercJonathan Swift aMadrid, EspañabSARPEc1985 a0c0 atextobtxt2rdacontenido ano mediado – sin mediaciónbn2rdamedio avolumenbnc0 aIndice ENTOS ES DE UM Viaje a Liliput Viaje a Brrobdingnag Viaje a Lupata, a los Balnibarbas, a Glunbbdubdrib, a Luggnagg y al Japón Viaje al país de los houyhnhnms 23 m 77 131 185